000 00677nam a2200205Ia 4500
003 GCL
008 140319s9999 xx 000 0 ara d
040 _aGCL /
_cGCL
082 0 4 _a025.3414
_bج ف
100 1 _aجمال ابراهيم الخولى
245 1 0 _aفهرسة الوثائق الارشيفية /
_cجمال ابراهيم الخولى
260 _aالقاهرة :
_bدار الثقافة العلمية ،
_c2000
300 _a97 ص ؛
_c24 سم
490 _a
650 0 4 _aالوثائق
650 0 4 _aالارشيف والمحفوظات
650 0 4 _aالوثائق - حفظ وترتيب
650 0 4 _aالوثائق - فهرسة
942 _2ddc
_cBK
999 _c45455
_d45455